<?xml version="1.0" encoding="UTF-8"?><?xml-stylesheet type="text/xsl" href="static/style.xsl"?><OAI-PMH xmlns="http://www.openarchives.org/OAI/2.0/" xmlns:xsi="http://www.w3.org/2001/XMLSchema-instance" xsi:schemaLocation="http://www.openarchives.org/OAI/2.0/ http://www.openarchives.org/OAI/2.0/OAI-PMH.xsd"><responseDate>2026-04-13T02:36:15Z</responseDate><request verb="GetRecord" identifier="oai:www.recercat.cat:2072/384790" metadataPrefix="marc">https://recercat.cat/oai/request</request><GetRecord><record><header><identifier>oai:recercat.cat:2072/384790</identifier><datestamp>2026-02-24T00:07:05Z</datestamp><setSpec>com_2072_98</setSpec><setSpec>col_2072_378192</setSpec></header><metadata><record xmlns="http://www.loc.gov/MARC21/slim" xmlns:dcterms="http://purl.org/dc/terms/" xmlns:xsi="http://www.w3.org/2001/XMLSchema-instance" xmlns:doc="http://www.lyncode.com/xoai" xsi:schemaLocation="http://www.loc.gov/MARC21/slim http://www.loc.gov/standards/marcxml/schema/MARC21slim.xsd">
   <leader>00925njm 22002777a 4500</leader>
   <datafield ind2=" " ind1=" " tag="042">
      <subfield code="a">dc</subfield>
   </datafield>
   <datafield ind2=" " ind1=" " tag="720">
      <subfield code="a">Fernández de Rota Irimia, Antón</subfield>
      <subfield code="e">author</subfield>
   </datafield>
   <datafield ind2=" " ind1=" " tag="260">
      <subfield code="c">2008</subfield>
   </datafield>
   <datafield ind2=" " ind1=" " tag="520">
      <subfield code="a">A partir de las aportaciones postestructuralistas el presente artículo pretende repensar los movimientos sociales más allá de la Teoría de Síntesis. Tal teoría ha sido propuesta durante las dos últimas décadas en la Sociología de los movimientos sociales como una suerte de cierre disciplinar. Sin embargo, la síntesis (de las teorías de la movilización de recursos, la oportunidad política y la enmarcación cognitiva) lejos de suponer un avance en aspecto alguno, se ha conformado con aglutinar y prolongar las teorías previas, sin proceder a lo que en nuestra opinión era una necesaria tarea de reconceptualización de la constitución de la potencia, la dinamicidad y la corporalidad del movimiento. Resulta sumamente paradójica la escasa o nula atención que a la definición del movimiento presta los estudios sobre los MMSS. Nuestro interés es volver a pensarlo desde más acá del sujeto o cualquier otro tipo de "institución", en tanto que fuga y potencia creativa desplegada sobre el plano de lo cotidiano.</subfield>
   </datafield>
   <datafield ind2=" " ind1=" " tag="520">
      <subfield code="a">The present article tries to rethink social movements from a poststructuralist position, going beyond Synthesis Theory. For the last twenty years the synthesis of the theories of Resource Mobilization, Political Opportunity and Cognitive Framing has been taken to be the last word in the sociology of social movements. Nevertheless, far from being any sort of advance, Synthesis Theory has merely perpetuated previous theories, without, in my opinion,managing to reconceptualize the constitution of power, or the force and embodiment of movement. The lack of theoretical attention to the definition of movement is a curious absence which needs to be redressed. My aim is approach it not from the notion of "subject" or any other type of "institution", but rather in terms of the contingencies of everyday life.</subfield>
   </datafield>
   <datafield tag="653" ind2=" " ind1=" ">
      <subfield code="a">Moviments socials</subfield>
   </datafield>
   <datafield tag="653" ind2=" " ind1=" ">
      <subfield code="a">Poder</subfield>
   </datafield>
   <datafield tag="653" ind2=" " ind1=" ">
      <subfield code="a">Institució</subfield>
   </datafield>
   <datafield tag="653" ind2=" " ind1=" ">
      <subfield code="a">Postestructuralisme</subfield>
   </datafield>
   <datafield tag="653" ind2=" " ind1=" ">
      <subfield code="a">Movimientos sociales</subfield>
   </datafield>
   <datafield tag="653" ind2=" " ind1=" ">
      <subfield code="a">Institución</subfield>
   </datafield>
   <datafield tag="653" ind2=" " ind1=" ">
      <subfield code="a">Postestructuralismo</subfield>
   </datafield>
   <datafield tag="653" ind2=" " ind1=" ">
      <subfield code="a">Social movements</subfield>
   </datafield>
   <datafield tag="653" ind2=" " ind1=" ">
      <subfield code="a">Power</subfield>
   </datafield>
   <datafield tag="653" ind2=" " ind1=" ">
      <subfield code="a">Institutions</subfield>
   </datafield>
   <datafield tag="653" ind2=" " ind1=" ">
      <subfield code="a">Poststructuralism</subfield>
   </datafield>
   <datafield ind2="0" ind1="0" tag="245">
      <subfield code="a">Movimientos sociales. Una lectura a partir del postestructuralismo</subfield>
   </datafield>
</record></metadata></record></GetRecord></OAI-PMH>